[Event "World Rapid 2017"]
[Site "Riyadh KSA"]
[Date "2017.12.27"]
[Round "6.48"]
[White "Salem, A.R. Saleh"]
[Black "Dervishi, Erald"]
[Result "1-0"]
[WhiteTitle "GM"]
[BlackTitle "GM"]
[WhiteElo "2638"]
[BlackElo "2552"]
[WhiteFideId "9301348"]
[BlackFideId "4700236"]
[EventDate "2017.12.26"]

1. Nf3 Nf6 2. c4 e6 3. b3 d5 4. Bb2 Be7 5. e3 O-O 6. Nc3 c5 7. cxd5 Nxd5 8. Qc2
Nc6 9. h4 h6 10. g4 b6 11. Ne4 f5 12. gxf5 exf5 13. Bc4 fxe4 14. Qxe4 Nb4 15.
Bxg7 Bf5 16. Qe5 Bd6 17. Qb2 Kh7 18. Ng5+ hxg5 19. hxg5+ Kg8 20. Bxf8 Bxf8 21.
Qh8+ Kf7 22. Qh5+ Bg6 23. Qf3+ Ke7 24. a3 Nd3+ 25. Bxd3 Bxd3 26. e4 Bg7 27. Qxd3
Nf4 28. Qxd8+ Rxd8 29. Rb1 Rd4 30. f3 Rd3 31. Kf2 Bd4+ 32. Kg3 Be5 33. Kg4 Ne6
34. Rh7+ Kd6 35. Rh6 Bg7 36. Rg6 Ke7 37. f4 Rd4 38. Re1 Kf7 39. f5 Nf8 40. Rc6
Be5 41. Re2 Rd3 42. f6 Kg6 43. f7+ Kxf7 44. Kf5 Nd7 45. Rf2 Bd4 46. g6+ Kg7 47.
Rg2 Rf3+ 48. Ke6 Nf8+ 49. Kd5 Bf6 50. Rc7+ Kg8 51. g7 Rd3+ 52. Kc4 Rd4+ 53. Kb5
Ne6 54. Rf7 Rd6 55. Rxa7 Bxg7 56. e5 Rd3 57. Re7 Nd4+ 58. Kc4 Nf5 59. Rexg7+ 1-0

[Event "World Rapid 2017"]
[Site "Riyadh KSA"]
[Date "2017.12.27"]
[Round "6.49"]
[White "Georgiev, Kiril"]
[Black "Ibrahimov, Rasul"]
[Result "1-0"]
[WhiteTitle "GM"]
[BlackTitle "GM"]
[WhiteElo "2623"]
[BlackElo "2518"]
[WhiteFideId "2900017"]
[BlackFideId "13400495"]
[EventDate "2017.12.26"]

1. d4 Nf6 2. Nf3 e6 3. Bf4 b6 4. e3 Bb7 5. h3 g6 6. c4 Bg7 7. Nc3 O-O 8. Be2 d6
9. O-O Nbd7 10. Qc2 Qe7 11. Rad1 Nh5 12. Bh2 f5 13. Nd2 a5 14. Rfe1 Qf7 15. Bf3
Bxf3 16. Nxf3 e5 17. dxe5 Nxe5 18. Nxe5 dxe5 19. c5 Rad8 20. Rxd8 Rxd8 21. Rd1
Re8 22. cxb6 cxb6 23. Rd6 b5 24. a4 b4 25. Nb5 e4 26. Rd1 Qa2 27. Bc7 Qxb2 28.
Qc4+ Kh8 29. Nd6 1-0

[Event "World Rapid 2017"]
[Site "Riyadh KSA"]
[Date "2017.12.27"]
[Round "6.50"]
[White "El Adnani, Mokliss"]
[Black "Miton, Kamil"]
[Result "0-1"]
[WhiteTitle "IM"]
[BlackTitle "GM"]
[WhiteElo "2448"]
[BlackElo "2584"]
[WhiteFideId "9000410"]
[BlackFideId "1111914"]
[EventDate "2017.12.26"]

1. d4 Nf6 2. Nc3 e6 3. e4 d5 4. Bg5 dxe4 5. Nxe4 Nbd7 6. Nf3 h6 7. Nxf6+ Nxf6 8.
Be3 Bd6 9. Ne5 O-O 10. Qf3 Nd5 11. O-O-O Qf6 12. Qe4 Qf5 13. Bd3 Qxe4 14. Bxe4
Nxe3 15. fxe3 Rd8 16. Rhf1 f6 17. Nf3 Rb8 18. g4 Bd7 19. h4 Bb5 20. Rg1 Bc4 21.
g5 hxg5 22. hxg5 f5 23. Bd3 Bxd3 24. Rxd3 Kf7 25. g6+ Ke7 26. Ng5 Rh8 27. Nh7 c5
28. Rdd1 Rhd8 29. c3 b5 30. Kc2 Rbc8 31. Kb1 b4 32. cxb4 cxd4 33. exd4 Bf4 34.
Rge1 Rd5 35. Rd3 Rc4 36. Ra3 Rcxd4 37. Rxa7+ Rd7 38. Ra6 Re4 39. Rf1 Rxb4 40.
Re1 Re4 41. Rxe4 fxe4 42. Ra4 e3 43. Re4 e5 44. a4 Rd4 0-1

[Event "World Rapid 2017"]
[Site "Riyadh KSA"]
[Date "2017.12.27"]
[Round "6.51"]
[White "Vallejo Pons, Francisco"]
[Black "Tissir, Mohamed"]
[Result "1-0"]
[WhiteTitle "GM"]
[BlackTitle "IM"]
[WhiteElo "2707"]
[BlackElo "2381"]
[WhiteFideId "2205530"]
[BlackFideId "9000240"]
[EventDate "2017.12.26"]

1. e4 c5 2. Nf3 d6 3. d4 cxd4 4. Qxd4 Nd7 5. c4 Ngf6 6. Nc3 a6 7. Be2 e6 8. O-O
Qc7 9. Rd1 Be7 10. b3 O-O 11. Ba3 Ne8 12. Qe3 h6 13. e5 Nxe5 14. Nxe5 dxe5 15.
Bxe7 Qxe7 16. Qxe5 Qb4 17. h3 Nf6 18. a3 Qxb3 19. Qe3 Bd7 20. Rdb1 Qc2 21. Bd3
Qxc3 22. Bh7+ Kxh7 23. Qxc3 Bc6 24. Rd1 Rac8 25. Rd4 Kh8 26. Rad1 e5 27. R4d3
Rfe8 28. Qa5 Kh7 29. Rd8 Rcxd8 30. Rxd8 Re6 31. Qc7 Kg6 32. Rd6 1-0

[Event "World Rapid 2017"]
[Site "Riyadh KSA"]
[Date "2017.12.27"]
[Round "6.52"]
[White "Howell, David W L"]
[Black "Saeed, Ishaq"]
[Result "1-0"]
[WhiteTitle "GM"]
[BlackTitle "FM"]
[WhiteElo "2676"]
[BlackElo "2434"]
[WhiteFideId "410608"]
[BlackFideId "9301453"]
[EventDate "2017.12.26"]

1. c4 Nf6 2. Nc3 c5 3. Nf3 e6 4. e3 b6 5. d4 cxd4 6. exd4 Bb7 7. Bd3 Be7 8. O-O
O-O 9. d5 Na6 10. Re1 Re8 11. a3 Qc8 12. Bf4 d6 13. dxe6 fxe6 14. Bg5 Nc5 15.
Bc2 e5 16. Bxf6 Bxf6 17. Ne4 Nxe4 18. Bxe4 Bxe4 19. Rxe4 Qc6 20. Qd3 Red8 21. g3
a6 22. a4 b5 23. axb5 axb5 24. Rxa8 Qxa8 25. b3 h6 26. h4 Kh8 27. Re2 Qa3 28.
cxb5 d5 29. Qd1 e4 30. Nd4 Rc8 31. Nc6 Qc5 32. Kg2 Qxb5 33. Na7 Rc1 34. Qxc1
Qxe2 35. Qc8+ Kh7 36. Qf5+ Kh8 37. Qc8+ Kh7 38. Qf5+ Kh8 39. Qxd5 Bc3 40. Nb5
Be1 41. Qf5 Bxf2 42. Nc3 Qc2 43. Qf8+ Kh7 44. Qf5+ Kh8 45. Nxe4 Bd4+ 46. Kh3
Qxb3 47. Nd6 Bf6 48. Ne4 Bd4 49. Qc8+ Qg8 50. Qd7 Be5 51. h5 Qf8 52. Kg2 Qa8 53.
Qf5 Bd4 54. Kh3 Qd8 55. Kh2 Qb8 56. Qf3 Qe5 57. Kg2 Qb8 58. Qg4 Qe5 59. Nd2 Qe3
60. Qc8+ Kh7 61. Qf5+ Kg8 62. Nf3 Bf6 63. Qd5+ Kf8 64. Kh3 Ke7 65. Qb7+ Kd6 66.
Qb4+ Kd5 67. Nh2 Be5 68. Nf3 Bf6 69. Qb5+ Kd6 70. Nh2 Be5 71. Qa6+ Kd5 72. Qg6
Bf6 73. Ng4 Qe6 74. Qd3+ Kc6 75. Qa6+ Kd7 76. Qa4+ Kc7 77. Qc2+ Kb6 78. Qf2+ Kb5
79. Qf3 Bd4 80. Kh2 Qa2+ 81. Kh3 Qe6 82. Qa8 Qf5 83. Qe8+ Kb4 84. Qe1+ Kc5 85.
Qa5+ 1-0

[Event "World Rapid 2017"]
[Site "Riyadh KSA"]
[Date "2017.12.27"]
[Round "6.53"]
[White "Khader, Sami"]
[Black "Akobian, Varuzhan"]
[Result "0-1"]
[WhiteTitle "IM"]
[BlackTitle "GM"]
[WhiteElo "2392"]
[BlackElo "2647"]
[WhiteFideId "8100500"]
[BlackFideId "13300580"]
[EventDate "2017.12.26"]

1. d4 Nf6 2. c4 b6 3. Nf3 Bb7 4. Nc3 g6 5. d5 Bg7 6. e4 d6 7. Bd3 O-O 8. O-O
Nbd7 9. Rb1 Ng4 10. Re1 c5 11. h3 Nge5 12. Nxe5 Nxe5 13. Bf1 a6 14. f4 Nd7 15.
a4 Qc7 16. Kh1 Rfe8 17. Bd2 e6 18. Qf3 Re7 19. Bd3 Rae8 20. Re2 exd5 21. exd5
Rxe2 22. Bxe2 Bc8 23. Bd3 Nf6 24. Re1 Rxe1+ 25. Bxe1 Bd7 26. Qe2 Nh5 27. Qf3 Qd8
28. g4 Nf6 29. Bh4 Qe8 30. Bc2 h5 31. g5 Nh7 32. Qe4 Qc8 33. Qf3 Bxh3 34. Ne4
Bf8 35. Nf2 Bd7 36. f5 Bxf5 37. Bxf5 Qxf5 38. Qxf5 gxf5 39. Kg2 Be7 40. Nh3 Kg7
41. Kf3 f6 42. gxf6+ Bxf6 43. Bxf6+ Kxf6 44. Nf4 h4 45. Ne6 Ng5+ 0-1

[Event "World Rapid 2017"]
[Site "Riyadh KSA"]
[Date "2017.12.27"]
[Round "6.54"]
[White "Eljanov, Pavel"]
[Black "Lodhi, Mahmood"]
[Result "1-0"]
[WhiteTitle "GM"]
[BlackTitle "IM"]
[WhiteElo "2711"]
[BlackElo "2347"]
[WhiteFideId "14102951"]
[BlackFideId "7800010"]
[EventDate "2017.12.26"]

1. c4 e5 2. Nc3 Nc6 3. g3 g6 4. Bg2 Bg7 5. e3 Nge7 6. Nge2 O-O 7. O-O d6 8. b3
Bf5 9. e4 Be6 10. d3 Qd7 11. Nd5 f5 12. Be3 h6 13. Qd2 g5 14. Nxe7+ Qxe7 15.
exf5 Bxf5 16. d4 e4 17. Nc3 Rae8 18. h3 Qd7 19. Kh2 Nd8 20. Rae1 c6 21. d5 c5
22. Qc2 Bxc3 23. Qxc3 Nf7 24. Bc1 Ne5 25. Bb2 Kh7 26. Rxe4 Nf3+ 27. Bxf3 Bxe4
28. Bg4 Qe7 29. Kg1 Bf5 30. Bh5 Bg6 31. Bg4 Bf5 32. Bh5 Bxh3 33. Bxe8 Rxe8 34.
Rd1 Bg4 35. f3 Bd7 36. Qd3+ Kg8 37. Qg6+ Kf8 38. Qxh6+ 1-0

[Event "World Rapid 2017"]
[Site "Riyadh KSA"]
[Date "2017.12.27"]
[Round "6.55"]
[White "Halkias, Stelios"]
[Black "Al Saidi, Mohammed Khalfan"]
[Result "1-0"]
[WhiteTitle "GM"]
[WhiteElo "2571"]
[BlackElo "1468"]
[WhiteFideId "4201809"]
[BlackFideId "22001271"]
[EventDate "2017.12.26"]

1. Nf3 d5 2. d4 c5 3. e3 Nc6 4. Nbd2 cxd4 5. exd4 Bg4 6. Bd3 e6 7. c3 Nf6 8. O-O
Be7 9. Re1 O-O 10. Nf1 a6 11. Ng3 b5 12. a3 Rb8 13. h3 Bxf3 14. Qxf3 a5 15. Bf4
Rb7 16. b4 Qd7 17. Nf1 Rc8 18. Qe2 Ne4 19. Bxe4 dxe4 20. Qxe4 axb4 21. axb4 Bf6
22. Ra6 Ne7 23. Rd6 Qc6 24. Rxc6 1-0

[Event "World Rapid 2017"]
[Site "Riyadh KSA"]
[Date "2017.12.27"]
[Round "6.56"]
[White "Malakhatko, Vadim"]
[Black "Al-Saffar, Araz Basim Mohammed S"]
[Result "1-0"]
[WhiteTitle "GM"]
[BlackTitle "IM"]
[WhiteElo "2542"]
[BlackElo "2368"]
[WhiteFideId "14104202"]
[BlackFideId "4801040"]
[EventDate "2017.12.26"]

1. c4 b6 2. d4 e6 3. a3 Bb7 4. Nc3 f5 5. Nf3 Nf6 6. Bf4 Be7 7. d5 O-O 8. e3 Nh5
9. d6 cxd6 10. Bxd6 Nf6 11. Be2 Nc6 12. O-O Bxd6 13. Qxd6 Qe7 14. Rfd1 Qxd6 15.
Rxd6 Kf7 16. Rdd1 Rfd8 17. Nb5 Ne8 18. Rac1 d6 19. Nd2 g5 20. Bh5+ Ke7 21. Bxe8
Kxe8 22. Nc7+ Ke7 23. Nxa8 Bxa8 24. Nf3 g4 25. Nd4 Ne5 26. b4 Rc8 27. Nb5 Rxc4
28. Rxc4 Nxc4 29. Nxa7 Nxa3 30. Nc8+ 1-0

[Event "World Rapid 2017"]
[Site "Riyadh KSA"]
[Date "2017.12.27"]
[Round "6.57"]
[White "Abdyjapar, Asyl"]
[Black "Sanal, Vahap"]
[Result "0-1"]
[WhiteTitle "IM"]
[BlackTitle "GM"]
[WhiteElo "2382"]
[BlackElo "2551"]
[WhiteFideId "13800337"]
[BlackFideId "6300545"]
[EventDate "2017.12.26"]

1. d4 Nf6 2. c4 e6 3. Nf3 b6 4. a3 Bb7 5. Nc3 d5 6. cxd5 Nxd5 7. Qc2 Be7 8. e4
Nxc3 9. bxc3 c5 10. Bb5+ Bc6 11. Bd3 Nd7 12. O-O Rc8 13. Ba6 Ra8 14. d5 exd5 15.
exd5 Bxd5 16. Rd1 Bc6 17. Ne5 Nxe5 18. Rxd8+ Rxd8 19. Bf4 Ng6 20. Bg3 O-O 21.
Rd1 Rxd1+ 22. Qxd1 Rd8 23. Qc2 h5 24. Bd3 h4 25. Bc7 Rd7 26. Bxg6 fxg6 27. Be5
h3 28. f3 Kh7 29. Qe2 hxg2 30. Kxg2 Bg5 31. Kg3 Rd2 32. Qa6 Rd7 33. Qc8 Ba4 34.
h4 Bc1 35. c4 Bh6 36. Bf4 Bxf4+ 37. Kxf4 Rf7+ 38. Ke5 Bc2 39. Qg4 Bd1 40. Kd6
Rxf3 41. Qg1 Rd3+ 42. Kc7 Bf3 43. Qg3 Rxa3 44. Kb8 a5 45. Kc7 Rb3 46. Qe5 a4 47.
Qa1 a3 48. Qa2 Bd1 49. Qa1 Be2 50. Qa2 Bxc4 51. h5 Be6 52. Qc2 Rg3 53. Qh2 Rh3
54. hxg6+ Kxg6 55. Qe2 Kf6 56. Qf2+ Bf5 57. Kxb6 Rc3 58. Qd2 Rd3 59. Qh2 Rh3 60.
Qd2 Be6 61. Qf4+ Kg6 62. Qe5 Kf7 63. Qc7+ Kg8 64. Qe5 Rh6 65. Kxc5 a2 66. Qb8+
Kh7 67. Qe5 Bf7 68. Qf5+ Bg6 69. Qf1 Bb1 70. Kd4 0-1

[Event "World Rapid 2017"]
[Site "Riyadh KSA"]
[Date "2017.12.27"]
[Round "6.58"]
[White "Dobrov, Vladimir"]
[Black "Al Ghamdi, Ahmed M"]
[Result "1-0"]
[WhiteTitle "GM"]
[BlackTitle "CM"]
[WhiteElo "2515"]
[BlackElo "2159"]
[WhiteFideId "4136594"]
[BlackFideId "21500150"]
[EventDate "2017.12.26"]

1. Nf3 Nf6 2. c4 d6 3. Nc3 e5 4. d4 Nbd7 5. g3 g6 6. Bg2 Bg7 7. O-O O-O 8. h3
exd4 9. Nxd4 Re8 10. e4 a6 11. Bg5 h6 12. Be3 Rb8 13. a4 Ne5 14. b3 c5 15. Nde2
Nc6 16. Qd2 Kh7 17. Rad1 Bf8 18. Qc2 Nb4 19. Qb1 Bd7 20. Kh2 Qc8 21. Rd2 Bc6 22.
Rfd1 b6 23. Bf4 Qb7 24. f3 Rbd8 25. Bxd6 Bg7 26. Bf4 Rxd2 27. Bxd2 Nh5 28. Be1
Kh8 29. Nd5 Nxd5 30. cxd5 Bd7 31. f4 b5 32. axb5 axb5 33. e5 Bf5 34. Qc1 Qc8 35.
b4 c4 36. Nd4 Bd7 37. Bc3 g5 38. Re1 gxf4 39. gxf4 Qd8 40. e6 fxe6 41. dxe6 Bc8
42. Nf5 Bxe6 43. Nxg7 Nxg7 44. f5 1-0

[Event "World Rapid 2017"]
[Site "Riyadh KSA"]
[Date "2017.12.27"]
[Round "6.59"]
[White "Omar, Noaman"]
[Black "Miswadah, Baha"]
[Result "1-0"]
[WhiteTitle "IM"]
[WhiteElo "2364"]
[BlackElo "1877"]
[WhiteFideId "9300244"]
[BlackFideId "11502118"]
[EventDate "2017.12.26"]

1. d4 Nf6 2. c4 e6 3. Nc3 Bb4 4. Qc2 O-O 5. Nf3 c5 6. dxc5 Bxc5 7. Bg5 Be7 8. e3
d6 9. Rd1 h6 10. Bh4 a6 11. Be2 Qc7 12. O-O Nbd7 13. Rd2 b6 14. Rfd1 Bb7 15. Bg3
e5 16. h3 Rad8 17. Nh4 Rfe8 18. Nf5 Nc5 19. Nxe7+ Rxe7 20. f3 Ree8 21. Nd5 Nxd5
22. cxd5 Rc8 23. Rc1 Qe7 24. Qd1 b5 25. b3 f5 26. Bf2 Nd7 27. e4 Rxc1 28. Qxc1
Rc8 29. Rc2 Rxc2 30. Qxc2 Nf6 31. Bb6 f4 32. Qc7 Kf7 33. Qb8 Ne8 34. Kf1 Qd7 35.
Ke1 Qc8 36. Qxc8 Bxc8 37. Kd2 Ke7 38. Kc3 Kd7 39. Kb4 g5 40. Ka5 h5 41. a4 Nc7
42. Bf2 Bb7 43. Kb6 Kc8 44. h4 gxh4 45. Bxh4 Na8+ 46. Ka7 Nc7 47. Bf1 Ne8 48.
axb5 axb5 49. Bxb5 Nc7 50. Bc4 Ne8 51. b4 Kc7 52. b5 1-0

[Event "World Rapid 2017"]
[Site "Riyadh KSA"]
[Date "2017.12.27"]
[Round "6.60"]
[White "Lam, Daniel King-wai"]
[Black "Salama, Taher"]
[Result "1-0"]
[WhiteTitle "FM"]
[WhiteElo "2222"]
[BlackElo "1769"]
[WhiteFideId "6001238"]
[BlackFideId "11502231"]
[EventDate "2017.12.26"]

1. d4 Nf6 2. c4 e6 3. Nc3 d5 4. Bf4 Be7 5. e3 O-O 6. Nf3 b6 7. cxd5 exd5 8. Bd3
Bg4 9. h3 Bh5 10. g4 Bg6 11. Bxg6 hxg6 12. Ne5 c6 13. h4 Nfd7 14. g5 Nxe5 15.
dxe5 Nd7 16. Qg4 Nc5 17. h5 Nd3+ 18. Kf1 Qc8 19. Qh4 Rd8 20. Ne2 Qa6 21. hxg6
fxg6 22. e6 1-0

[Event "World Rapid 2017"]
[Site "Riyadh KSA"]
[Date "2017.12.27"]
[Round "6.61"]
[White "Al Omary, Ahmed"]
[Black "Amer, Said Salim Al Maashani"]
[Result "0-1"]
[BlackTitle "FM"]
[WhiteElo "1875"]
[BlackElo "2103"]
[WhiteFideId "21500207"]
[BlackFideId "22000100"]
[EventDate "2017.12.26"]

1. d4 Nf6 2. Nf3 e6 3. c4 b6 4. Nc3 Bb7 5. Bg5 Bb4 6. e3 h6 7. Bh4 d6 8. Be2 g5
9. Bg3 Ne4 10. Qc2 h5 11. h3 Nd7 12. a3 Bxc3+ 13. bxc3 c5 14. Bd3 f5 15. Ke2
Ndf6 16. Rad1 h4 17. Bh2 g4 18. hxg4 fxg4 19. Bf4 gxf3+ 20. gxf3 Qe7 21. fxe4 e5
22. dxe5 dxe5 23. Bg5 O-O-O 24. f3 Rdg8 25. Rxh4 Rxh4 26. Bxh4 Rg2+ 27. Bf2 Nh5
28. Ke1 Qf7 29. Bf1 Rg8 30. Qd3 Qe7 31. Bh3+ Kc7 32. Qd7+ Qxd7 33. Rxd7+ Kb8 34.
Re7 Rg5 35. Bg4 Ng7 36. Bh4 Rg6 37. Rxe5 Bc8 38. Bxc8 Kxc8 39. f4 Kd7 40. Re7+
Kc6 41. e5 Nf5 42. Rh7 Nxe3 43. Bg5 Nxc4 44. Rxa7 Nxe5 45. Ke2 Nd7 46. Kf3 Rd6
47. a4 Rd3+ 48. Ke4 Rxc3 49. f5 Rc4+ 50. Ke3 Rc3+ 51. Ke4 Rc4+ 52. Kf3 Ne5+ 53.
Kg3 Rg4+ 54. Kh3 Rxg5 55. f6 c4 56. Kh4 Rf5 57. a5 bxa5 58. Rxa5 Ng6+ 59. Kg4
Rxa5 0-1

[Event "World Rapid 2017"]
[Site "Riyadh KSA"]
[Date "2017.12.27"]
[Round "6.62"]
[White "Al-Hajiri, Bader"]
[Black "Alanazy, Mohammed"]
[Result "1-0"]
[WhiteTitle "FM"]
[WhiteElo "2165"]
[BlackElo "1850"]
[WhiteFideId "10300163"]
[BlackFideId "21508488"]
[EventDate "2017.12.26"]

1. e4 e5 2. Nf3 Nc6 3. Bc4 d6 4. d4 exd4 5. Nxd4 Nf6 6. Nc3 Be7 7. O-O O-O 8. f3
Na5 9. Bb5 Bd7 10. Bd3 c5 11. Nb3 Nc6 12. Be3 a6 13. Be2 b5 14. Qe1 h6 15. Rd1
Qc7 16. Qg3 Rad8 17. Bxc5 Nh5 18. Bxd6 Bxd6 19. Qxd6 Qxd6 20. Rxd6 Be8 21. Rfd1
Rxd6 22. Rxd6 b4 23. Nd5 a5 24. Rxc6 Bxc6 25. Ne7+ Kh8 26. Nxc6 Rc8 27. Nbd4 Nf4
28. Ba6 Rc7 29. g3 Ne6 30. Bd3 Nc5 31. Bb5 Nb7 32. Kf2 Kg8 33. Ke3 Kf8 34. Ba6
Nc5 35. Bc4 Nb7 36. Bd5 g6 37. e5 Kg7 38. e6 Nd6 39. exf7 Nf5+ 40. Nxf5+ gxf5
41. Kd4 1-0

[Event "World Rapid 2017"]
[Site "Riyadh KSA"]
[Date "2017.12.27"]
[Round "6.63"]
[White "Al Zamel, Khaled"]
[Black "Al Abdali, Zeyad Saleh"]
[Result "0-1"]
[WhiteElo "1942"]
[BlackElo "1801"]
[WhiteFideId "21500967"]
[BlackFideId "21501505"]
[EventDate "2017.12.26"]

1. e4 e5 2. Nf3 Nc6 3. Bc4 Nf6 4. Ng5 Bc5 5. Bxf7+ Kf8 6. Bd5 Nxd5 7. exd5 Qxg5
8. Qf3+ Ke8 9. dxc6 Rf8 10. h4 Qg6 11. h5 Qg5 12. Qe4 Bxf2+ 13. Kd1 d5 14. d4
Bg4+ 15. Qf3 Bxf3+ 16. gxf3 Qg2 17. cxb7 Qxf3+ 18. Kd2 Be3+ 19. Kc3 Bxc1+ 20.
Kb4 Rb8 21. Rxc1 Rxb7+ 22. Kc5 Qf6 23. dxe5 Qb6+ 24. Kxd5 c6+ 25. Ke4 Qd8 0-1

[Event "World Rapid 2017"]
[Site "Riyadh KSA"]
[Date "2017.12.27"]
[Round "6.64"]
[White "Bukannan, Ahmed A"]
[Black "Al Jabri, Mohammed Ali"]
[Result "0-1"]
[WhiteElo "1929"]
[BlackElo "2154"]
[WhiteFideId "21504164"]
[BlackFideId "7604734"]
[EventDate "2017.12.26"]

1. e4 c5 2. Nf3 e6 3. d3 Nc6 4. g3 g6 5. Bg2 Bg7 6. O-O Nge7 7. c3 d5 8. Qe2 O-O
9. Nbd2 dxe4 10. dxe4 e5 11. Nc4 h6 12. Be3 b6 13. Rfd1 Qc7 14. Nd6 Be6 15. Nb5
Qb8 16. h4 a6 17. Na3 Qc7 18. Nh2 Kh7 19. h5 g5 20. Rf1 f5 21. exf5 Nxf5 22. Nc2
Kh8 23. Qf3 Nxe3 24. Qxe3 Rae8 25. Qe2 b5 26. Ne3 Ne7 27. a4 c4 28. axb5 axb5
29. Ra6 Bg8 30. Rfa1 Nf5 31. Nxf5 Rxf5 32. Ra7 Qc5 33. Be4 Rf7 34. R7a6 Ref8 35.
Ng4 Bh7 36. Rc6 Qe7 37. Bxh7 Kxh7 38. Qe4+ Kh8 39. Raa6 Qd7 40. Rd6 Qc8 41. Rac6
Qe8 42. Re6 Qa8 43. Qe2 Qb7 44. Rb6 Qa7 45. Ra6 Qc5 46. Rec6 Qd5 47. Rd6 Qc5 48.
Rac6 Qa7 49. Ra6 Qc5 50. Kg2 Qc8 51. Kg1 Qf5 52. Rd5 Kh7 53. Rxb5 Rd7 54. Qxc4
Rd1+ 55. Kg2 Qf3+ 56. Kh3 Rh1+ 57. Nh2 Qxh5+ 58. Qh4 gxh4 59. Rb4 Rxf2 60. gxh4
Qf3# 0-1

[Event "World Rapid 2017"]
[Site "Riyadh KSA"]
[Date "2017.12.27"]
[Round "6.65"]
[White "Masrahi, Abdulrahman A"]
[Black "Al Habeeb, Emad"]
[Result "1-0"]
[WhiteTitle "CM"]
[WhiteElo "1962"]
[BlackElo "1933"]
[WhiteFideId "21501564"]
[BlackFideId "21500029"]
[EventDate "2017.12.26"]

1. d4 c5 2. c3 Nf6 3. Nf3 cxd4 4. cxd4 g6 5. Nc3 Bg7 6. Bf4 d6 7. h3 O-O 8. e3
Nc6 9. Be2 Qb6 10. Qc1 Bf5 11. O-O Rac8 12. Rd1 Ne4 13. Bd3 Nxc3 14. bxc3 Bxd3
15. Rxd3 Nb4 16. Rd2 Nd5 17. Rc2 Nxf4 18. exf4 Rc7 19. Rb1 Qa6 20. Qe3 e6 21.
Rb3 Rfc8 22. Qe4 d5 23. Qe3 Qd6 24. Rcb2 b6 25. Rc2 Bh6 26. g3 Bf8 27. Ne5 b5
28. Rxb5 Qa3 29. Rb3 Qa4 30. Qe2 a6 31. Qd3 f6 32. Nf3 Rc4 33. Rb6 Kf7 34. Qe2
R8c6 35. Rxc6 Rxc6 36. Qd3 Bd6 37. Rb2 Qa3 38. Rc2 Bb4 39. Nd2 Rxc3 40. Rxc3
Qxc3 41. Qxc3 Bxc3 42. Nf3 Ke7 43. Kf1 Kd6 44. Ke2 Kc6 45. Kd3 Bb4 46. Kc2 Kb5
47. Kb3 Ba5 48. a4+ Kc6 49. g4 Bc7 50. g5 Bd8 51. h4 fxg5 52. Ne5+ Kc7 53. fxg5
Be7 54. f4 Bd6 55. Nd3 a5 56. Kc2 Kd8 57. Kd2 Ke7 58. Ke3 Ba3 59. Ne5 Bb4 60.
Kd3 Be1 61. Ke2 Bxh4 62. Nc6+ Kd6 63. Nxa5 Bg3 64. Kf3 Be1 65. Nb3 Bc3 66. Ke2
Bb4 67. Kd3 Be1 68. a5 Bg3 69. Ke3 Be1 70. a6 Kc7 71. Nc5 Kb6 72. Nxe6 Kxa6 73.
Nc7+ Kb7 74. Nxd5 Kc6 75. Nf6 Kd6 76. Nxh7 Bc3 77. Ke4 Bb4 78. Nf8 1-0

[Event "World Rapid 2017"]
[Site "Riyadh KSA"]
[Date "2017.12.27"]
[Round "6.66"]
[White "Al Bargi, Hassan M"]
[Black "Al Juhani, Bakr"]
[Result "0-1"]
[WhiteElo "1579"]
[BlackElo "1854"]
[WhiteFideId "21501475"]
[BlackFideId "21500185"]
[EventDate "2017.12.26"]

1. d4 Nf6 2. Bf4 g6 3. Nc3 d5 4. e3 a6 5. a4 Bg7 6. h3 O-O 7. Nf3 Bf5 8. Bd3 Ne4
9. Nh4 Nxc3 10. bxc3 Bxd3 11. cxd3 e5 12. Bxe5 Qxh4 13. Bxc7 Rc8 14. Bg3 Qe7 15.
Qd2 Nc6 16. O-O Na5 17. Rfb1 Nc6 18. c4 dxc4 19. dxc4 Nd8 20. c5 Ne6 21. Bd6 Qd7
22. Qb4 Nd8 23. a5 Rc6 24. Ra2 Qe6 25. Rd2 Qe8 26. d5 Rcc8 27. Bg3 Qb5 28. Qxb5
axb5 29. Rxb5 Bf8 30. d6 Nc6 31. Rxb7 Nxa5 32. Rb5 Nc4 33. Rd5 Nxd6 34. Bxd6 Rd8
35. e4 Bxd6 36. cxd6 Rd7 37. e5 Ra1+ 38. Kh2 Ra2 39. Kg3 h5 40. f4 Raa7 41. Kh4
Kg7 42. g4 hxg4 43. hxg4 Ra3 44. Rb4 Kh6 45. f5 g5# 0-1

[Event "World Rapid 2017"]
[Site "Riyadh KSA"]
[Date "2017.12.27"]
[Round "6.67"]
[White "Al Mahmood, Salman"]
[Black "Alem, Ali Hussien"]
[Result "0-1"]
[WhiteElo "1593"]
[BlackElo "1745"]
[WhiteFideId "11201517"]
[BlackFideId "21500088"]
[EventDate "2017.12.26"]

1. e4 d6 2. d4 Nf6 3. Nc3 g6 4. Bd3 Bg7 5. Nge2 O-O 6. O-O Nbd7 7. Be3 b6 8. Qd2
Ng4 9. Bg5 h6 10. Bh4 c5 11. Bc4 a6 12. a4 Bb7 13. f4 cxd4 14. Nxd4 Nc5 15. Rae1
Qc7 16. Nd5 Nxe4 17. Qd3 Nc5 18. Qd1 Bxd5 19. Bxd5 Rae8 20. c3 Nf6 21. Bc6 Rd8
22. b4 Ne6 23. Nxe6 fxe6 24. b5 axb5 25. axb5 d5 26. Rxe6 Kh7 27. Rfe1 Ne4 28.
Qc2 Qxf4 29. Bxe7 Bxc3 30. Rd1 Qe3+ 31. Kh1 Nf2+ 32. Kg1 Nxd1+ 33. Kh1 Rf1# 0-1

[Event "World Rapid 2017"]
[Site "Riyadh KSA"]
[Date "2017.12.27"]
[Round "7.1"]
[White "Carlsen, Magnus"]
[Black "Wang, Yue"]
[Result "1-0"]
[WhiteTitle "GM"]
[BlackTitle "GM"]
[WhiteElo "2837"]
[BlackElo "2690"]
[WhiteFideId "1503014"]
[BlackFideId "8601429"]
[EventDate "2017.12.26"]

1. e4 e5 2. Bc4 Nf6 3. d3 c6 4. Nf3 d5 5. Bb3 Qc7 6. Nc3 dxe4 7. Nxe4 Nxe4 8.
dxe4 Be7 9. Ng5 Bxg5 10. Bxg5 Na6 11. Be3 O-O 12. Qd2 Qe7 13. Qc3 Re8 14. O-O-O
Nc7 15. Rd3 Qf6 16. f3 Ne6 17. Rd6 g6 18. Rhd1 Qg7 19. Qd2 h5 20. g3 Nc7 21. Bh6
Qh7 22. Rd8 Bh3 23. Rxa8 Nxa8 24. Bg5 Nc7 25. Qa5 Ne6 26. Bxe6 Bxe6 27. Rd8 1-0

[Event "World Rapid 2017"]
[Site "Riyadh KSA"]
[Date "2017.12.27"]
[Round "7.5"]
[White "Cheparinov, Ivan"]
[Black "Onischuk, Vladimir"]
[Result "1/2-1/2"]
[WhiteTitle "GM"]
[BlackTitle "GM"]
[WhiteElo "2710"]
[BlackElo "2637"]
[WhiteFideId "2905540"]
[BlackFideId "14114038"]
[EventDate "2017.12.26"]

1. Nf3 g6 2. e4 d6 3. d4 Nf6 4. Nc3 Bg7 5. Be2 O-O 6. O-O c6 7. Re1 Nbd7 8. a4
e5 9. Be3 exd4 10. Bxd4 Re8 11. Bf1 Qc7 12. a5 Ne5 13. Nxe5 dxe5 14. Bc5 Rd8 15.
Qc1 Be6 16. f3 Nd7 17. Be7 Re8 18. Bb4 b5 19. a6 Qb6+ 20. Qe3 Bf8 21. Bxf8 Kxf8
22. b4 Rab8 23. Nd1 Qxe3+ 24. Nxe3 Rb6 25. Ra5 Ke7 26. Rc1 Reb8 27. Kf2 c5 28.
c4 cxb4 29. cxb5 b3 30. Nd5+ Bxd5 31. exd5 Kd6 32. Ke3 Nc5 33. Bc4 f5 34. Rb1
f4+ 35. Kd2 e4 36. fxe4 Nxe4+ 37. Kd3 Nc5+ 38. Kc3 Re8 39. Bxb3 Re3+ 40. Kb4
Nxb3 41. Rxb3 Rxb3+ 42. Kxb3 Kc5 43. Kc3 g5 44. d6 Rxd6 45. b6+ Kxb6 46. Rxg5
Rg6 47. Rh5 h6 48. Kd3 Kxa6 49. Ke4 Rxg2 50. Rxh6+ Kb5 51. Kxf4 a5 52. h4 a4 53.
Rh8 a3 54. Ra8 Kb4 55. h5 a2 56. h6 Rh2 57. Kg5 Kb3 1/2-1/2